00427nam a2200157 a 450000100060000000300090000600800410001502000150005604000280007108200180009910000260011724500490014326000440019230000110023665000220024715878CO-ViMGA141112s2004 ck r 000 u spa d a9580800154 aCO-ViMGAbspacCO-ViMGA04aCo863.4 S156d1 aSalom Becerra, Alvaro10aDon Simeón Torrente ha dejado de.....Beber aBogotá, cCirculo de lectores, c1989 a215.p.14aNOVELA COLOMBIANA